[Event "Qualifyer Villarobledo - Final"]
[Site "playchess.com #155699"]
[Date "2009.05.23"]
[Round "3"]
[White "Kendo"]
[Black "Novoselski"]
[Result "1-0"]
[WhiteElo "2750"]
[BlackElo "2534"]
[PlyCount "117"]
[EventDate "2009.05.23"]
[EventType "tourn (blitz)"]

1. d4 {[%emt 0:00:02]} e6 {[%emt 0:00:01]} 2. e4 {[%emt 0:00:02]} d5 {[%emt 0:
00:01]} 3. Nc3 {[%emt 0:00:01]} Bb4 {[%emt 0:00:04]} 4. exd5 {[%emt 0:00:02]}
exd5 {[%emt 0:00:01]} 5. Bd3 {[%emt 0:00:00]} Ne7 {[%emt 0:00:03]} 6. Qh5 {
[%emt 0:00:15]} Bxc3+ {[%emt 0:00:03]} 7. bxc3 {[%emt 0:00:02]} Nbc6 {[%emt 0:
00:12]} 8. Rb1 {[%emt 0:00:09]} Qd6 {[%emt 0:00:09]} 9. Ne2 {[%emt 0:00:09]}
Na5 {[%emt 0:00:30]} 10. Bf4 {[%emt 0:00:10]} Qd8 {[%emt 0:00:03]} 11. Be5 {
[%emt 0:00:33]} Kf8 {[%emt 0:00:22]} 12. Ng3 {[%emt 0:00:19]} Ng6 {[%emt 0:00:
28]} 13. O-O {[%emt 0:00:31]} Nc6 {[%emt 0:00:12]} 14. Rbe1 {[%emt 0:00:26]}
Ncxe5 {[%emt 0:00:03]} 15. dxe5 {[%emt 0:00:01]} Nf4 {[%emt 0:00:14]} 16. Qf3 {
[%emt 0:00:09]} Qg5 {[%emt 0:00:04]} 17. Ne2 {[%emt 0:00:14]} Nxd3 {[%emt 0:00:
22]} 18. cxd3 {[%emt 0:00:00]} c6 {[%emt 0:00:01]} 19. Nd4 {[%emt 0:00:08]} g6
{[%emt 0:00:13]} 20. e6 {[%emt 0:00:06]} f5 {[%emt 0:00:04]} 21. Qe2 {[%emt 0:
00:12]} Qf6 {[%emt 0:00:09]} 22. f4 {[%emt 0:00:03]} Kg7 {[%emt 0:00:04]} 23.
Qe3 {[%emt 0:00:07]} Re8 {[%emt 0:00:02]} 24. e7 {[%emt 0:00:02]} Bd7 {[%emt 0:
00:02]} 25. Re2 {[%emt 0:00:01]} b6 {[%emt 0:00:08]} 26. Rfe1 {[%emt 0:00:05]}
c5 {[%emt 0:00:03]} 27. Nf3 {[%emt 0:00:01]} Rac8 {[%emt 0:00:07]} 28. d4 {
[%emt 0:00:02]} cxd4 {[%emt 0:00:03]} 29. Nxd4 {[%emt 0:00:00]} Rc7 {[%emt 0:
00:01]} 30. g3 {[%emt 0:00:04]} Bc8 {[%emt 0:00:01]} 31. Kf2 {[%emt 0:00:04]}
Kf7 {[%emt 0:00:01]} 32. Nf3 {[%emt 0:00:01]} Rcxe7 {[%emt 0:00:02]} 33. Ng5+ {
[%emt 0:00:02]} Kf8 {[%emt 0:00:01]} 34. Qxe7+ {[%emt 0:00:01]} Rxe7 {[%emt 0:
00:01]} 35. Rxe7 {[%emt 0:00:01]} Qxe7 {[%emt 0:00:01]} 36. Rxe7 {[%emt 0:00:
01]} Kxe7 {[%emt 0:00:00]} 37. Nxh7 {[%emt 0:00:01]} Kd6 {[%emt 0:00:00]} 38.
Ke3 {[%emt 0:00:02]} Kc5 {[%emt 0:00:01]} 39. Nf8 {[%emt 0:00:02]} Kc4 {[%emt
0:00:02]} 40. Kd2 {[%emt 0:00:01]} d4 {[%emt 0:00:01]} 41. cxd4 {[%emt 0:00:01]
} Kxd4 {[%emt 0:00:00]} 42. Nxg6 {[%emt 0:00:01]} Be6 {[%emt 0:00:01]} 43. a3 {
[%emt 0:00:02]} b5 {[%emt 0:00:01]} 44. Ne5 {[%emt 0:00:05]} Ke4 {[%emt 0:00:
08]} 45. h4 {[%emt 0:00:04]} a5 {[%emt 0:00:02]} 46. h5 {[%emt 0:00:02]} Bg8 {
[%emt 0:00:01]} 47. h6 {[%emt 0:00:02]} Bh7 {[%emt 0:00:02]} 48. Nf7 {[%emt 0:
00:03]} Bg8 {[%emt 0:00:09]} 49. Ng5+ {[%emt 0:00:02]} Kd4 {[%emt 0:00:01]} 50.
h7 {[%emt 0:00:01]} Bxh7 {[%emt 0:00:00]} 51. Nxh7 {[%emt 0:00:00]} b4 {[%emt
0:00:00]} 52. axb4 {[%emt 0:00:01]} axb4 {[%emt 0:00:00]} 53. Ng5 {[%emt 0:00:
09]} b3 {[%emt 0:00:01]} 54. Kc1 {[%emt 0:00:01]} Ke3 {[%emt 0:00:03]} 55. Kb2
{[%emt 0:00:02]} Kf2 {[%emt 0:00:01]} 56. Kxb3 {[%emt 0:00:01]} Kxg3 {[%emt 0:
00:01]} 57. Ne6 {[%emt 0:00:00]} Kf3 {[%emt 0:00:00]} 58. Kc4 {[%emt 0:00:00]}
Ke4 {[%emt 0:00:00]} 59. Kc5 {[%emt 0:00:01] Novoselski resigns} 1-0

[Event "Qualifyer Villarobledo - Final"]
[Site "playchess.com #155699"]
[Date "2009.05.23"]
[Round "4"]
[White "-st!er-"]
[Black "Unicorn"]
[Result "1-0"]
[WhiteElo "2769"]
[BlackElo "2576"]
[PlyCount "99"]
[EventDate "2009.05.23"]
[EventType "tourn (blitz)"]

1. d4 {[%emt 0:00:04]} e6 {[%emt 0:00:01]} 2. c4 {[%emt 0:00:01]} Nf6 {[%emt 0:
00:01]} 3. Nf3 {[%emt 0:00:00]} c5 {[%emt 0:00:00]} 4. d5 {[%emt 0:00:01]} exd5
{[%emt 0:00:00]} 5. cxd5 {[%emt 0:00:00]} d6 {[%emt 0:00:00]} 6. Nc3 {[%emt 0:
00:01]} g6 {[%emt 0:00:00]} 7. Nd2 {[%emt 0:00:01]} Bg7 {[%emt 0:00:02]} 8. e4
{[%emt 0:00:01]} O-O {[%emt 0:00:01]} 9. Be2 {[%emt 0:00:00]} Re8 {[%emt 0:00:
01]} 10. O-O {[%emt 0:00:01]} Nbd7 {[%emt 0:00:01]} 11. a4 {[%emt 0:00:03]} b6
{[%emt 0:00:02]} 12. Re1 {[%emt 0:00:03]} Rb8 {[%emt 0:00:01]} 13. f3 {[%emt 0:
00:04]} a6 {[%emt 0:00:01]} 14. Nc4 {[%emt 0:00:01]} Ne5 {[%emt 0:00:02]} 15.
Nxe5 {[%emt 0:00:01]} Rxe5 {[%emt 0:00:00]} 16. Bf4 {[%emt 0:00:03]} Re8 {
[%emt 0:00:01]} 17. Bf1 {[%emt 0:00:02]} Qc7 {[%emt 0:00:06]} 18. Rc1 {[%emt 0:
00:02]} Nd7 {[%emt 0:00:01]} 19. b4 {[%emt 0:00:04]} c4 {[%emt 0:00:13]} 20. b5
{[%emt 0:00:14]} Ne5 {[%emt 0:00:19]} 21. Kh1 {[%emt 0:00:02]} Qe7 {[%emt 0:00:
26]} 22. Bg3 {[%emt 0:00:09]} g5 {[%emt 0:00:11]} 23. Na2 {[%emt 0:00:05]} axb5
{[%emt 0:00:07]} 24. axb5 {[%emt 0:00:01]} Bd7 {[%emt 0:00:01]} 25. Nc3 {[%emt
0:00:03]} Ra8 {[%emt 0:00:02]} 26. Bf2 {[%emt 0:00:01]} Reb8 {[%emt 0:00:13]}
27. Qd2 {[%emt 0:00:03]} Ra5 {[%emt 0:00:14]} 28. Rb1 {[%emt 0:00:20]} Qf6 {
[%emt 0:00:06]} 29. Rec1 {[%emt 0:00:11]} h5 {[%emt 0:00:06]} 30. Be3 {[%emt 0:
00:02]} g4 {[%emt 0:00:37]} 31. f4 {[%emt 0:00:02]} Ng6 {[%emt 0:00:01]} 32. f5
{[%emt 0:00:06]} Nf8 {[%emt 0:00:16]} 33. Bxc4 {[%emt 0:00:17]} Rc8 {[%emt 0:
00:05]} 34. Ne2 {[%emt 0:00:01]} Qe7 {[%emt 0:00:15]} 35. Bd3 {[%emt 0:00:05]}
Rxc1+ {[%emt 0:00:04]} 36. Qxc1 {[%emt 0:00:03]} h4 {[%emt 0:00:10]} 37. Bxb6 {
[%emt 0:00:02]} Ra2 {[%emt 0:00:05]} 38. Qc4 {[%emt 0:00:06]} Ra8 {[%emt 0:00:
04]} 39. Bd4 {[%emt 0:00:05]} h3 {[%emt 0:00:04]} 40. Bxg7 {[%emt 0:00:04]}
Kxg7 {[%emt 0:00:01]} 41. b6 {[%emt 0:00:01]} Rc8 {[%emt 0:00:04]} 42. Qd4+ {
[%emt 0:00:08]} f6 {[%emt 0:00:00]} 43. Nf4 {[%emt 0:00:04]} Rb8 {[%emt 0:00:
09]} 44. Ne6+ {[%emt 0:00:06]} Nxe6 {[%emt 0:00:06]} 45. fxe6 {[%emt 0:00:05]}
hxg2+ {[%emt 0:00:01]} 46. Kxg2 {[%emt 0:00:01]} Be8 {[%emt 0:00:01]} 47. Qc3 {
[%emt 0:00:05]} Bg6 {[%emt 0:00:10]} 48. Qc7 {[%emt 0:00:02]} Qxc7 {[%emt 0:00:
03]} 49. bxc7 {[%emt 0:00:01]} Rc8 {[%emt 0:00:01]} 50. Rc1 {[%emt 0:00:01]
Unicorn resigns} 1-0

[Event "Qualifyer Villarobledo - Final"]
[Site "playchess.com #155699"]
[Date "2009.05.23"]
[Round "4"]
[White "Us6"]
[Black "Hauberk"]
[Result "0-1"]
[WhiteElo "2633"]
[BlackElo "2364"]
[PlyCount "108"]
[EventDate "2009.05.23"]
[EventType "tourn (blitz)"]

1. Nf3 {[%emt 0:00:01]} d5 {[%emt 0:00:01]} 2. c4 {[%emt 0:00:01]} c6 {[%emt 0:
00:01]} 3. d4 {[%emt 0:00:01]} Nf6 {[%emt 0:00:02]} 4. e3 {[%emt 0:00:01]} Bf5
{[%emt 0:00:02]} 5. Nc3 {[%emt 0:00:01]} e6 {[%emt 0:00:01]} 6. Nh4 {[%emt 0:
00:01]} Bg4 {[%emt 0:00:11]} 7. Qb3 {[%emt 0:00:15]} Na6 {[%emt 0:00:30]} 8. h3
{[%emt 0:00:14]} Bh5 {[%emt 0:00:08]} 9. g4 {[%emt 0:00:15]} Bg6 {[%emt 0:00:
01]} 10. Nxg6 {[%emt 0:00:01]} hxg6 {[%emt 0:00:01]} 11. Bg2 {[%emt 0:00:03]}
Qb6 {[%emt 0:00:09]} 12. g5 {[%emt 0:00:07]} Nd7 {[%emt 0:00:09]} 13. c5 {
[%emt 0:00:24]} Qxb3 {[%emt 0:00:12]} 14. axb3 {[%emt 0:00:01]} Be7 {[%emt 0:
00:09]} 15. h4 {[%emt 0:00:07]} Nb4 {[%emt 0:00:04]} 16. Ra4 {[%emt 0:00:02]}
Nd3+ {[%emt 0:00:03]} 17. Ke2 {[%emt 0:00:22]} Nxc1+ {[%emt 0:00:02]} 18. Rxc1
{[%emt 0:00:00]} Rxh4 {[%emt 0:00:01]} 19. f4 {[%emt 0:00:01]} a6 {[%emt 0:00:
05]} 20. Rh1 {[%emt 0:00:04]} Rxh1 {[%emt 0:00:02]} 21. Bxh1 {[%emt 0:00:00]}
O-O-O {[%emt 0:00:01]} 22. Kf2 {[%emt 0:00:02]} f6 {[%emt 0:00:03]} 23. gxf6 {
[%emt 0:00:03]} gxf6 {[%emt 0:00:01]} 24. Bf3 {[%emt 0:00:01]} e5 {[%emt 0:00:
06]} 25. Ra1 {[%emt 0:00:14]} Rh8 {[%emt 0:00:10]} 26. Rh1 {[%emt 0:00:02]}
Rxh1 {[%emt 0:00:02]} 27. Bxh1 {[%emt 0:00:00]} Kc7 {[%emt 0:00:14]} 28. b4 {
[%emt 0:00:14]} exd4 {[%emt 0:00:07]} 29. exd4 {[%emt 0:00:01]} f5 {[%emt 0:00:
00]} 30. Bf3 {[%emt 0:00:21]} Bf6 {[%emt 0:00:04]} 31. Ke3 {[%emt 0:00:01]} Nf8
{[%emt 0:00:01]} 32. Ne2 {[%emt 0:00:03]} Ne6 {[%emt 0:00:01]} 33. Bg2 {[%emt
0:00:01]} Kd7 {[%emt 0:00:04]} 34. b3 {[%emt 0:00:01]} Ke7 {[%emt 0:00:01]} 35.
Kd3 {[%emt 0:00:03]} Kf7 {[%emt 0:00:02]} 36. Ke3 {[%emt 0:00:02]} Kg7 {[%emt
0:00:01]} 37. Bf3 {[%emt 0:00:01]} Kh6 {[%emt 0:00:01]} 38. Kd3 {[%emt 0:00:01]
} g5 {[%emt 0:00:04]} 39. fxg5+ {[%emt 0:00:01]} Kxg5 {[%emt 0:00:02]} 40. Ke3
{[%emt 0:00:03]} Kh4 {[%emt 0:00:03]} 41. Bh1 {[%emt 0:00:08]} Bg5+ {[%emt 0:
00:08]} 42. Kd3 {[%emt 0:00:17]} Kg4 {[%emt 0:00:04]} 43. Bg2 {[%emt 0:00:03]}
Nf4+ {[%emt 0:00:12]} 44. Nxf4 {[%emt 0:00:01]} Bxf4 {[%emt 0:00:01]} 45. Bf1 {
[%emt 0:00:03]} Bc1 {[%emt 0:00:03]} 46. Be2+ {[%emt 0:00:02]} Kg3 {[%emt 0:00:
02]} 47. Bh5 {[%emt 0:00:02]} f4 {[%emt 0:00:01]} 48. Ke2 {[%emt 0:00:02]} Ba3
{[%emt 0:00:04]} 49. Be8 {[%emt 0:00:09]} Kg2 {[%emt 0:00:04]} 50. Bh5 {[%emt
0:00:07]} Bxb4 {[%emt 0:00:01]} 51. Bf3+ {[%emt 0:00:01]} Kg3 {[%emt 0:00:01]}
52. Bh5 {[%emt 0:00:01]} Bc3 {[%emt 0:00:02]} 53. Kd3 {[%emt 0:00:01]} Bb2 {
[%emt 0:00:05]} 54. Bd1 {[%emt 0:00:06]} Kg2 {[%emt 0:00:04] Us6 resigns} 0-1

[Event "Qualifyer Villarobledo - Final"]
[Site "playchess.com #155699"]
[Date "2009.05.23"]
[Round "4"]
[White "Yang Guo"]
[Black "Artur95"]
[Result "1-0"]
[WhiteElo "2799"]
[BlackElo "2443"]
[PlyCount "117"]
[EventDate "2009.05.23"]
[EventType "tourn (blitz)"]

1. e4 {[%emt 0:00:02]} c5 {[%emt 0:00:01]} 2. Nf3 {[%emt 0:00:01]} d6 {[%emt 0:
00:02]} 3. d4 {[%emt 0:00:01]} cxd4 {[%emt 0:00:00]} 4. Nxd4 {[%emt 0:00:00]}
Nf6 {[%emt 0:00:02]} 5. Nc3 {[%emt 0:00:00]} g6 {[%emt 0:00:00]} 6. Be3 {[%emt
0:00:01]} Bg7 {[%emt 0:00:00]} 7. f3 {[%emt 0:00:00]} O-O {[%emt 0:00:01]} 8.
Qd2 {[%emt 0:00:00]} Nc6 {[%emt 0:00:01]} 9. O-O-O {[%emt 0:00:00]} d5 {[%emt
0:00:01]} 10. exd5 {[%emt 0:00:02]} Nxd5 {[%emt 0:00:01]} 11. Nxc6 {[%emt 0:00:
00]} bxc6 {[%emt 0:00:01]} 12. Bd4 {[%emt 0:00:00]} e5 {[%emt 0:00:01]} 13. Bc5
{[%emt 0:00:01]} Be6 {[%emt 0:00:00]} 14. Ne4 {[%emt 0:00:02]} Re8 {[%emt 0:00:
01]} 15. h4 {[%emt 0:00:03]} a5 {[%emt 0:00:01]} 16. h5 {[%emt 0:00:05]} Qb8 {
[%emt 0:00:08]} 17. hxg6 {[%emt 0:00:30]} hxg6 {[%emt 0:00:02]} 18. Bc4 {[%emt
0:00:01]} Nb4 {[%emt 0:00:05]} 19. Bxe6 {[%emt 0:00:07]} Rxe6 {[%emt 0:00:02]}
20. a3 {[%emt 0:00:04]} Nd5 {[%emt 0:00:11]} 21. c4 {[%emt 0:00:14]} Nb6 {
[%emt 0:00:10]} 22. Qc2 {[%emt 0:00:04]} Qb7 {[%emt 0:00:26]} 23. g4 {[%emt 0:
00:04]} Qa6 {[%emt 0:00:03]} 24. Qh2 {[%emt 0:00:08]} f6 {[%emt 0:00:04]} 25.
Qh7+ {[%emt 0:00:06]} Kf7 {[%emt 0:00:01]} 26. Bxb6 {[%emt 0:00:02]} Qb7 {
[%emt 0:00:38]} 27. Nd6+ {[%emt 0:00:08]} Rxd6 {[%emt 0:00:02]} 28. Rxd6 {
[%emt 0:00:00]} Rh8 {[%emt 0:00:01]} 29. Qxh8 {[%emt 0:00:34]} Bxh8 {[%emt 0:
00:01]} 30. Bxa5 {[%emt 0:00:09]} Bg7 {[%emt 0:00:08]} 31. c5 {[%emt 0:00:20]}
Qb5 {[%emt 0:00:14]} 32. Bb4 {[%emt 0:00:10]} e4 {[%emt 0:00:12]} 33. fxe4 {
[%emt 0:00:09]} Qc4+ {[%emt 0:00:02]} 34. Kd2 {[%emt 0:00:11]} Qxe4 {[%emt 0:
00:10]} 35. Rd7+ {[%emt 0:00:04]} Kg8 {[%emt 0:00:34]} 36. Rd8+ {[%emt 0:00:05]
} Bf8 {[%emt 0:00:01]} 37. Re1 {[%emt 0:00:06]} Qf4+ {[%emt 0:00:05]} 38. Kc2 {
[%emt 0:00:05]} Qc4+ {[%emt 0:00:04]} 39. Kb1 {[%emt 0:00:02]} Kf7 {[%emt 0:00:
04]} 40. Rd7+ {[%emt 0:00:04]} Kg8 {[%emt 0:00:02]} 41. g5 {[%emt 0:00:10]} f5
{[%emt 0:00:13]} 42. Ka1 {[%emt 0:00:09]} f4 {[%emt 0:00:19]} 43. Rd8 {[%emt 0:
00:16] .} f3 {[%emt 0:00:08]} 44. Ree8 {[%emt 0:00:05]} Qc1+ {[%emt 0:00:01]}
45. Ka2 {[%emt 0:00:01]} Qc4+ {[%emt 0:00:00]} 46. Kb1 {[%emt 0:00:00]} Qf1+ {
[%emt 0:00:05]} 47. Kc2 {[%emt 0:00:01]} Qc4+ {[%emt 0:00:02]} 48. Kd2 {[%emt
0:00:01]} Qf4+ {[%emt 0:00:08]} 49. Kd1 {[%emt 0:00:03]} f2 {[%emt 0:00:01]}
50. Rxf8+ {[%emt 0:00:02]} Qxf8 {[%emt 0:00:01]} 51. Rxf8+ {[%emt 0:00:00]}
Kxf8 {[%emt 0:00:00]} 52. Ke2 {[%emt 0:00:00]} Ke7 {[%emt 0:00:00]} 53. Kxf2 {
[%emt 0:00:01]} Ke6 {[%emt 0:00:00]} 54. Bc3 {[%emt 0:00:01]} Kd5 {[%emt 0:00:
00]} 55. b4 {[%emt 0:00:03]} Kc4 {[%emt 0:00:00]} 56. a4 {[%emt 0:00:02]} Kxc3
{[%emt 0:00:03]} 57. a5 {[%emt 0:00:01]} Kxb4 {[%emt 0:00:01]} 58. a6 {[%emt 0:
00:00]} Kxc5 {[%emt 0:00:00]} 59. a7 {[%emt 0:00:00] Artur95 ñäàåòñÿ} 1-0

[Event "Qualifyer Villarobledo - Final"]
[Site "playchess.com #155699"]
[Date "2009.05.23"]
[Round "4"]
[White "Novoselski"]
[Black "Africanchamp"]
[Result "1-0"]
[WhiteElo "2526"]
[BlackElo "2825"]
[PlyCount "117"]
[EventDate "2009.05.23"]
[EventType "tourn (blitz)"]

1. e4 {[%emt 0:00:01]} c5 {[%emt 0:00:02]} 2. Nf3 {[%emt 0:00:01]} e6 {[%emt 0:
00:03]} 3. Nc3 {[%emt 0:00:01]} a6 {[%emt 0:00:01]} 4. d4 {[%emt 0:00:01]} cxd4
{[%emt 0:00:05]} 5. Nxd4 {[%emt 0:00:00]} Qc7 {[%emt 0:00:02]} 6. Bd3 {[%emt 0:
00:01]} Nf6 {[%emt 0:00:01]} 7. O-O {[%emt 0:00:03]} d6 {[%emt 0:00:01]} 8. Kh1
{[%emt 0:00:03]} Be7 {[%emt 0:00:01]} 9. f4 {[%emt 0:00:02]} O-O {[%emt 0:00:
02]} 10. Be3 {[%emt 0:00:02]} Nbd7 {[%emt 0:00:04]} 11. Bg1 {[%emt 0:00:06]} b5
{[%emt 0:00:02]} 12. a3 {[%emt 0:00:01]} Bb7 {[%emt 0:00:01]} 13. Qe2 {[%emt 0:
00:01]} Rfe8 {[%emt 0:00:02]} 14. Rae1 {[%emt 0:00:04]} g6 {[%emt 0:00:01]} 15.
f5 {[%emt 0:00:06]} e5 {[%emt 0:00:08]} 16. Nf3 {[%emt 0:00:02]} d5 {[%emt 0:
00:04]} 17. Nxd5 {[%emt 0:00:08]} Bxd5 {[%emt 0:00:03]} 18. exd5 {[%emt 0:00:
01]} b4 {[%emt 0:00:24]} 19. fxg6 {[%emt 0:00:09]} hxg6 {[%emt 0:00:06]} 20.
Ng5 {[%emt 0:00:02]} bxa3 {[%emt 0:00:02]} 21. bxa3 {[%emt 0:00:01]} Bxa3 {
[%emt 0:00:03]} 22. Ne4 {[%emt 0:00:04]} Kg7 {[%emt 0:00:19]} 23. Nxf6 {[%emt
0:00:13]} Nxf6 {[%emt 0:00:02]} 24. Bxa6 {[%emt 0:00:05]} Bd6 {[%emt 0:00:24]}
25. Bb5 {[%emt 0:00:03]} Rh8 {[%emt 0:00:03]} 26. g3 {[%emt 0:00:26]} e4 {
[%emt 0:00:12]} 27. Kg2 {[%emt 0:00:04]} Be5 {[%emt 0:00:03]} 28. c4 {[%emt 0:
00:13]} Ra3 {[%emt 0:00:08]} 29. c5 {[%emt 0:00:17]} Qc8 {[%emt 0:00:06]} 30.
Rxf6 {[%emt 0:00:07]} Qh3+ {[%emt 0:00:04]} 31. Kh1 {[%emt 0:00:01]} Bxf6 {
[%emt 0:00:04]} 32. Rf1 {[%emt 0:00:09]} Rxg3 {[%emt 0:00:14]} 33. Rxf6 {[%emt
0:00:12]} Rxg1+ {[%emt 0:00:11]} 34. Kxg1 {[%emt 0:00:01]} Kxf6 {[%emt 0:00:01]
} 35. Qb2+ {[%emt 0:00:10]} Kg5 {[%emt 0:00:07]} 36. Qe5+ {[%emt 0:00:04]} f5 {
[%emt 0:00:04]} 37. Qe7+ {[%emt 0:00:03]} Kf4 {[%emt 0:00:04]} 38. Qd6+ {[%emt
0:00:07]} Ke3 {[%emt 0:00:12]} 39. Bf1 {[%emt 0:00:10]} Qg4+ {[%emt 0:00:05]}
40. Bg2 {[%emt 0:00:01]} Qd1+ {[%emt 0:00:07]} 41. Bf1 {[%emt 0:00:01]} Qg4+ {
[%emt 0:00:05]} 42. Bg2 {[%emt 0:00:01]} f4 {[%emt 0:00:01]} 43. Qe5 {[%emt 0:
00:02]} Qd1+ {[%emt 0:00:10]} 44. Bf1 {[%emt 0:00:01]} Qd4 {[%emt 0:00:03]} 45.
Qg5 {[%emt 0:00:12]} Qxc5 {[%emt 0:00:14]} 46. Qg2 {[%emt 0:00:01]} Kd4 {[%emt
0:00:03]} 47. Qxg6 {[%emt 0:00:05]} Kxd5+ {[%emt 0:00:02]} 48. Kh1 {[%emt 0:00:
02]} Qf2 {[%emt 0:00:03]} 49. Qf7+ {[%emt 0:00:03]} Kd4 {[%emt 0:00:02]} 50.
Qc4+ {[%emt 0:00:01]} Ke5 {[%emt 0:00:02]} 51. Qc3+ {[%emt 0:00:01]} Qd4 {
[%emt 0:00:03]} 52. Qc7+ {[%emt 0:00:02]} Qd6 {[%emt 0:00:02]} 53. Qc3+ {[%emt
0:00:01]} Qd4 {[%emt 0:00:02]} 54. Qc7+ {[%emt 0:00:01]} Kf5 {[%emt 0:00:02]}
55. Qf7+ {[%emt 0:00:07] .} Kg5 {[%emt 0:00:02]} 56. Qe7+ {[%emt 0:00:02]} Kh5
{[%emt 0:00:02]} 57. Qf7+ {[%emt 0:00:04]} Kg4 {[%emt 0:00:02]} 58. Qg6+ {
[%emt 0:00:02]} Kh4 {[%emt 0:00:02]} 59. h3 {[%emt 0:00:02] Time} 1-0

[Event "Qualifyer Villarobledo - Final"]
[Site "playchess.com #155699"]
[Date "2009.05.23"]
[Round "4"]
[White "Mtv star"]
[Black "Necromant"]
[Result "0-1"]
[WhiteElo "2386"]
[BlackElo "2588"]
[PlyCount "150"]
[EventDate "2009.05.23"]
[EventType "tourn (blitz)"]

1. d4 {[%emt 0:00:01]} Nf6 {[%emt 0:00:01]} 2. c4 {[%emt 0:00:02]} g6 {[%emt 0:
00:01]} 3. Nc3 {[%emt 0:00:01]} d5 {[%emt 0:00:01]} 4. Nf3 {[%emt 0:00:04]} Bg7
{[%emt 0:00:01]} 5. e3 {[%emt 0:00:01]} O-O {[%emt 0:00:02]} 6. cxd5 {[%emt 0:
00:01]} Nxd5 {[%emt 0:00:01]} 7. Nxd5 {[%emt 0:00:01]} Qxd5 {[%emt 0:00:01]} 8.
Bd2 {[%emt 0:00:00]} c5 {[%emt 0:00:03]} 9. Bc3 {[%emt 0:00:01]} Nc6 {[%emt 0:
00:01]} 10. dxc5 {[%emt 0:00:09]} Bxc3+ {[%emt 0:00:02]} 11. bxc3 {[%emt 0:00:
00]} Qxc5 {[%emt 0:00:01]} 12. Rc1 {[%emt 0:00:02]} Rd8 {[%emt 0:00:06]} 13.
Qb3 {[%emt 0:00:03]} Be6 {[%emt 0:00:04]} 14. Qb2 {[%emt 0:00:06] Mtv star
offers a draw} Rac8 {[%emt 0:00:13]} 15. Be2 {[%emt 0:00:01]} Na5 {[%emt 0:00:
02]} 16. O-O {[%emt 0:00:03]} b6 {[%emt 0:00:06]} 17. Nd4 {[%emt 0:00:02]} Bc4
{[%emt 0:00:01]} 18. Nb3 {[%emt 0:00:15]} Qb5 {[%emt 0:00:03]} 19. Bxc4 {[%emt
0:00:12]} Nxc4 {[%emt 0:00:00]} 20. Qe2 {[%emt 0:00:01]} e5 {[%emt 0:00:10]}
21. Rfd1 {[%emt 0:00:03]} Qa4 {[%emt 0:00:07]} 22. Rxd8+ {[%emt 0:00:04]} Rxd8
{[%emt 0:00:03]} 23. h3 {[%emt 0:00:03]} b5 {[%emt 0:00:10]} 24. Nc5 {[%emt 0:
00:03]} Qa3 {[%emt 0:00:04]} 25. Nb3 {[%emt 0:00:04]} Rd2 {[%emt 0:00:07]} 26.
Nxd2 {[%emt 0:00:13]} Qxc1+ {[%emt 0:00:01]} 27. Nf1 {[%emt 0:00:00]} Qxc3 {
[%emt 0:00:02]} 28. Qf3 {[%emt 0:00:04]} Qc1 {[%emt 0:00:11]} 29. Qa8+ {[%emt
0:00:01]} Kg7 {[%emt 0:00:01]} 30. Qc8 {[%emt 0:00:01]} Qa1 {[%emt 0:00:12]}
31. Qa6 {[%emt 0:00:07]} Nd2 {[%emt 0:00:10]} 32. Qxb5 {[%emt 0:00:01]} Nxf1 {
[%emt 0:00:01]} 33. Qxf1 {[%emt 0:00:00]} Qxa2 {[%emt 0:00:01]} 34. Qb5 {[%emt
0:00:03] Mtv star offers a draw} Qa1+ {[%emt 0:00:02]} 35. Kh2 {[%emt 0:00:01]}
a5 {[%emt 0:00:01]} 36. h4 {[%emt 0:00:11]} h5 {[%emt 0:00:03]} 37. Qc4 {[%emt
0:00:10]} a4 {[%emt 0:00:04]} 38. g4 {[%emt 0:00:01]} hxg4 {[%emt 0:00:03]} 39.
Qxg4 {[%emt 0:00:02]} a3 {[%emt 0:00:12]} 40. h5 {[%emt 0:00:02]} Qf1 {[%emt 0:
00:09]} 41. Qg3 {[%emt 0:00:04]} Qb5 {[%emt 0:00:26]} 42. hxg6 {[%emt 0:00:07]}
fxg6 {[%emt 0:00:31]} 43. Qh4 {[%emt 0:00:15]} Qc5 {[%emt 0:00:13]} 44. Qa4 {
[%emt 0:00:07]} Kf6 {[%emt 0:00:05]} 45. Kg3 {[%emt 0:00:15]} e4 {[%emt 0:00:
01]} 46. Qa8 {[%emt 0:00:16]} Ke5 {[%emt 0:00:03]} 47. Qh8+ {[%emt 0:00:07]}
Kd5 {[%emt 0:00:01]} 48. Qg8+ {[%emt 0:00:02]} Kc6 {[%emt 0:00:03]} 49. Qe8+ {
[%emt 0:00:07]} Kb6 {[%emt 0:00:02]} 50. Qb8+ {[%emt 0:00:19]} Ka5 {[%emt 0:00:
02]} 51. Qa8+ {[%emt 0:00:06]} Kb4 {[%emt 0:00:01]} 52. Qxe4+ {[%emt 0:00:01]}
Kc3 {[%emt 0:00:03]} 53. Qb1 {[%emt 0:00:11]} Qe5+ {[%emt 0:00:02]} 54. Kh4 {
[%emt 0:00:13]} Qh5+ {[%emt 0:00:03]} 55. Kg3 {[%emt 0:00:02]} Qg5+ {[%emt 0:
00:01]} 56. Kh2 {[%emt 0:00:02] Mtv star offers a draw} Qe5+ {[%emt 0:00:04]}
57. Kg1 {[%emt 0:00:03]} Qc5 {[%emt 0:00:04]} 58. Qa1+ {[%emt 0:00:03]} Kb4 {
[%emt 0:00:01]} 59. Qb1+ {[%emt 0:00:01]} Ka4 {[%emt 0:00:02]} 60. Qd1+ {[%emt
0:00:03]} Ka5 {[%emt 0:00:01]} 61. Qd8+ {[%emt 0:00:03]} Qb6 {[%emt 0:00:03]}
62. Qa8+ {[%emt 0:00:02]} Kb4 {[%emt 0:00:02]} 63. Qe4+ {[%emt 0:00:02]} Kc3 {
[%emt 0:00:01]} 64. Qe5+ {[%emt 0:00:04]} Kd2 {[%emt 0:00:01]} 65. Qd5+ {[%emt
0:00:04]} Kc1 {[%emt 0:00:03]} 66. Qc4+ {[%emt 0:00:02]} Kb2 {[%emt 0:00:01]}
67. Qe2+ {[%emt 0:00:04]} Ka1 {[%emt 0:00:01]} 68. Qd1+ {[%emt 0:00:02]} Qb1 {
[%emt 0:00:01]} 69. Qxb1+ {[%emt 0:00:03]} Kxb1 {[%emt 0:00:00]} 70. e4 {[%emt
0:00:00]} a2 {[%emt 0:00:01]} 71. Kg2 {[%emt 0:00:00]} a1=Q {[%emt 0:00:01]}
72. Kf3 {[%emt 0:00:00]} Qe5 {[%emt 0:00:01]} 73. Ke3 {[%emt 0:00:00]} g5 {
[%emt 0:00:00]} 74. f4 {[%emt 0:00:00]} gxf4+ {[%emt 0:00:01]} 75. Kf3 {[%emt
0:00:07]} Kc2 {[%emt 0:00:01] Mtv star resigns} 0-1

[Event "Qualifyer Villarobledo - Final"]
[Site "playchess.com #155699"]
[Date "2009.05.23"]
[Round "5"]
[White "Kendo"]
[Black "Us6"]
[Result "1/2-1/2"]
[WhiteElo "2770"]
[BlackElo "2605"]
[PlyCount "30"]
[EventDate "2009.05.23"]
[EventType "tourn (blitz)"]

1. d4 {[%emt 0:00:02]} Nf6 {[%emt 0:00:02]} 2. Bg5 {[%emt 0:00:01]} d5 {[%emt
0:00:01]} 3. Bxf6 {[%emt 0:00:06]} exf6 {[%emt 0:00:00]} 4. e3 {[%emt 0:00:01]}
Bd6 {[%emt 0:00:01]} 5. c4 {[%emt 0:00:04]} dxc4 {[%emt 0:00:01]} 6. Bxc4 {
[%emt 0:00:02]} Nd7 {[%emt 0:00:03]} 7. Nc3 {[%emt 0:00:02]} c6 {[%emt 0:00:01]
} 8. Nge2 {[%emt 0:00:14]} O-O {[%emt 0:00:02]} 9. O-O {[%emt 0:00:09]} f5 {
[%emt 0:00:01]} 10. Ng3 {[%emt 0:00:14]} Nf6 {[%emt 0:00:04]} 11. a3 {[%emt 0:
00:05]} f4 {[%emt 0:00:07]} 12. exf4 {[%emt 0:00:04]} Bxf4 {[%emt 0:00:01]} 13.
Re1 {[%emt 0:00:09]} Qd6 {[%emt 0:00:08]} 14. Qd3 {[%emt 0:00:10]} Bd7 {[%emt
0:00:06]} 15. Nce2 {[%emt 0:00:18]} Rae8 {[%emt 0:00:19] Us6 offers a draw}
1/2-1/2